000
00277nam a2200121Ia 4500
008
190216s9999||||xx |||||||||||||| ||und||
100
_a
Varshini P N
245
0
_a
Banking Law And Practice
260
_b
S Chand & Co
_c
1990
300
_a
1032p
650
_a
Commerce
942
_c
BK
999
_c
5038
_d
5038